Russell Dillak

N/A


Categories

History - Cross, Historiography, and Miscellaneous04004091102.2500
History - American1200356579.0000
History - World030030102108.6700
Other - Other Academic and General Knowledge0300308596.3300
Current Events - World03003087111.6701
Fine Arts - Painting1100256181.5001
RMP - Philosophy1100253054.0002
Literature - World and Miscellaneous1100256797.0000
Literature - American02002085103.5000
Science - Physics02002088104.0000
History - European020020118118.5000
Literature - British1000153838.0001
RMP - Hebrew Bible1000156666.0000
Social Science - Economics010010123123.0000
Fine Arts - Architecture010010126126.0000
Geography - World010010108108.0000
RMP - East Asian Religion010010101101.0000
RMP - Greco-Roman Mythology010010103103.0001
Science - Astronomy0100106464.0001
Science - Chemistry0100108181.0000
Science - Earth0100107777.0000
Science - Math0100108686.0000
Literature - European000000.0000
Science - Computer Science000000.0000
RMP - Other Religion000000.0000
RMP - Islam000000.0000
RMP - Hinduism000000.0000
Science - Biology000000.0000

Buzzes

RMP - PhilosophyBertrand Russell2030
Literature - BritishEmma Woodhouse2038
History - AmericanWilliam Henry Harrison041
RMP - Hinduismahimsa059
History - AmericanMonica Lewinsky059
Fine Arts - PaintingM. C. Escher2061
Science - Astronomycurvature of the universe1064
Science - Biologycarbon dioxide065
History - Americanincandescent lightbulb1065
RMP - Hebrew BibleBook of Daniel2066